Záludnosti obchodních dohod

Úvahy autora o problémoch, ktoré priniesla obchodná dohoda USA a Chile.

Na minha lista:
Detalhes bibliográficos
Autor principal: Stiglitz, Joseph E.
Formato: Capítulo de Livro
Idioma:tcheco
Assuntos:
Tags: Adicionar Tag
Sem tags, seja o primeiro a adicionar uma tag!

MARC

LEADER 00000naa a2200000 4500
001 r048017
005 20231004070941.4
041 0 |a cze 
044 |a CZ 
245 1 0 |a Záludnosti obchodních dohod  |c Joseph E. Stiglitz 
520 |a Úvahy autora o problémoch, ktoré priniesla obchodná dohoda USA a Chile. 
610 2 0 |a zmluvy zahraničnoobchodné 
610 2 0 |a politika zahraničnoobchodná 
610 2 0 |a USA 
610 2 0 |a Čile 
610 2 0 |a obchod voľný 
100 1 |a Stiglitz, Joseph E.